[Event "Arak op (Women) 15th"]
[Site "Arak"]
[Date "2012.07.15"]
[Round "4"]
[White "Moheimani, Shadi"]
[Black "Afshar, Niusha"]
[Result "0-1"]
[WhiteElo "1668"]
[BlackElo "1931"]
[PlyCount "28"]
[EventDate "2012.07.13"]
[EventType "swiss"]
[EventRounds "11"]
[EventCountry "IRI"]
[SourceTitle "CBM 149 Extra"]
[Source "ChessBase"]
[SourceDate "2012.08.24"]
[SourceVersion "1"]
[SourceVersionDate "2012.08.24"]
[SourceQuality "1"]

1. e4 c5 2. c3 Nf6 3. e5 Nd5 4. d4 cxd4 5. Nf3 Nc6 6. cxd4 d6 7. Nc3 Nxc3 8. bxc3 dxe5 9. d5 e4 10. Ng5 Ne5 11. Nxe4 e6 12. c4 exd5 13. cxd5 Qa5+ 14. Qd2 Bb4 0-1